Reverse Dictionary #42 - Statistics

General Stats
  • This quiz has been taken 45 times
  • The average score is 17 of 25
Answer Stats
Definition First
Letter
Word % Correct
An evening meal. D Dinner
100%
To engage in combat with; to oppose physically, to contest with. F Fight
95%
To inhabit or to visit frequently (most often used in reference to ghosts). H Haunt
95%
The acceptance of a child of other parents as if he or she were their own child. A Adoption
92%
(chemistry) Matter in an intermediate state between liquid and plasma that can be contained only if it is fully surrounded by a solid (or in a bubble of liquid, or held together by gravitational pull); it can condense into a liquid, or can (rarely) become a solid directly by deposition. G Gas
92%
Taking a long time to move or go a short distance, or to perform an action; not quick in motion; proceeding at a low speed. S Slow
92%
Having a texture that lacks friction. Not rough. S Smooth
92%
An upholstered seat with a raised back and one or two raised ends, long enough to comfortably accommodate two or more people. S Sofa
90%
A long walk, usually for pleasure or exercise. H Hike
87%
A bag stitched to an item of clothing, used for carrying small items. P Pocket
82%
To carry out successfully; to accomplish. A Achieve
77%
A short romantic, oftentimes sexual, relationship. F Fling
77%
A knitted jacket or jersey, usually of thick wool, worn by athletes before or after exercise; or, (US) a similar garment worn for warmth. S Sweater
77%
A being involved in the action of a story. C Character
74%
(geometry) A flat surface extending infinitely in all directions (e.g. horizontal or vertical plane). P Plane
69%
To forcefully expel, throw out or remove. E Eject
56%
Recognition of importance or value; respect; veneration. H Honor
56%
(geometry) A figure formed by two rays which start from a common point or by three planes that intersect. A Angle
44%
To have a connection. R Relate
44%
A vessel used mainly to carry cargo. F Freighter
38%
Physically strong and active. V Vigorous
36%
A difference between two objects, people or concepts. C Contrast
28%
To decline or fall off in activity or performance. S Slump
28%
A quality of poise and effectiveness that enables a performer to achieve a close relationship with their audience. P Presence
15%
Intellectually deep; entering far into subjects; reaching to the bottom of a matter, or of a branch of learning; thorough. P Profound
13%
No matching quizzes found
Score Distribution
Percent of People with Each Score
Percentile by Number Answered
Your Score History
You have not taken this quiz